000 00703nam a2200229 a 4500
005 20250809063840.0
008 991125s19921998mx 000 0 spa u
020 _a9684306644
035 _aUPN01000021603
049 _aCG
050 4 _aLB1026
_bN5.48a
100 1 _aNisbet, John
245 1 0 _aEstrategias de aprendizaje /
_cJohn Nisbet, Janet Shucksmith ; tr. Ana Bermejo.
260 _aMéxico :
_bSantillana,
_c1992 (1998 impr.).
300 _a173 p.
440 0 _aAula XXI. Santillana
534 _pTítulo original:
_tLearning strategies
650 4 _aInnovaciones educativas
_9386
650 2 _aObjetivos de la enseñanza
_921083
700 1 _aShucksmith, Janet,
_ecoaut.
905 _aLibro
999 _c21603
_d21603